| 000 | 00897nam a2200277 i 4500 | ||
|---|---|---|---|
| 001 | bg | ||
| 100 | 1 | _aWÓJCIK-SZWEDZIŃSKA, Maria | |
| 245 | 1 | 0 |
_aElementy biologii sanitarnej / _cMaria Wójcik-Szwedzińska, Dorota Nowak, Ewa Stańczyk-Mazanek ; [Politechnika Częstochowska]. |
| 260 |
_aCzęstochowa : _bWydaw. PC, _c2000. |
||
| 300 |
_a97, [2] s. : _bil. ; _c24 cm. |
||
| 490 | 1 |
_aSkrypty Politechniki Częstochowskiej, _x1234-9909 ; _v38 |
|
| 504 | _aBibliogr. | ||
| 650 | 9 | _aBiologia | |
| 655 | _aPodręczniki akademickie | ||
| 700 | 1 | _aNOWAK, Dorota | |
| 700 | 1 | _aSTAŃCZYK-Mazanek, Ewa | |
| 710 | 0 | _aPolitechnika Częstochowska | |
| 830 |
_aSkrypty Politechniki Częstochowskiej, _x1234-9909 ; |
||
| 020 | _a8371931174 | ||
| 040 | _cBPK | ||
| 041 | 0 | _apol | |
| 080 | _a579.63(075.8) | ||
| 920 | _a83-7193-117-4 | ||
| 942 | _cKS | ||
| 008 | s pl f |000 0 pol | ||
| 999 |
_c42918 _d42918 |
||
| 856 |
_uhttp://koha.tu.koszalin.pl/cgi-bin/koha/opac-detail.pl?biblionumber=42918 _yKatalog online BPK |
||